Konjunkturálne tendencie vo vývoji odvetvia stavebníctva SR Príloha

Výsledky prieskumu vývoja vybraných stavebných podnikov na Slovensku. súčasný ekonomický vývoj v stavebných organizáciách. Monitor ukazovateľov hospodárskeho vývoja za november 1995 - november 1996. Vývoj v stavebníctve za január 1996 - november 1996.

Salvato in:
Dettagli Bibliografici
Natura: Capitolo di libro
Lingua:slovacco
Soggetti:
Tags: Aggiungi Tag
Nessun Tag, puoi essere il primo ad aggiungerne!!

MARC

LEADER 00000naa a2200000 4500
001 r025294
005 20230824085412.1
041 0 |a slo 
044 |a SK 
245 1 0 |a Konjunkturálne tendencie vo vývoji odvetvia stavebníctva SR  |b Príloha 
520 |a Výsledky prieskumu vývoja vybraných stavebných podnikov na Slovensku. súčasný ekonomický vývoj v stavebných organizáciách. Monitor ukazovateľov hospodárskeho vývoja za november 1995 - november 1996. Vývoj v stavebníctve za január 1996 - november 1996. 
610 2 0 |a stavebníctvo 
610 2 0 |a Slovensko 
610 2 0 |a situácia hospodárska 
610 2 0 |a podnik stavebný 
610 2 0 |a 1995-1996 
610 2 0 |a ukazovatele ekonomické